000 00886cam a22002171 4500
001 ne 65002201
003 DLC
005 20260227111817.0
008 841016s1965 le b 000 0 arar
010 _ane 65002201
035 _a(OCoLC)11272245
040 _aDLC
_cTxU
_dTxU
_dDLC
050 0 0 _aPJ7541
_b.M35
100 1 _aMalḥas, Thurayyā.
245 1 3 _aal-Qiyam al-rūḥīyah fī al-shiʻr al-ʻArabī,
_bqadīmah wa-ḥadīthah, ḥattá muntaṣaf al-qarn al-ʻishrīn 1950 M.
_c[Taʼlīf] Thurayyā ʻAbd al-Fattāḥ Malḥas.
260 _aBayrūt, Maktabat al-Madrasah wa-Dār al-Kitāb al-Lubnānī lil-Ṭibāʻah wa-al-Nashr
_c[1965]
300 _a431 p.
_c24 cm.
500 _aCover title: The spiritual values in Arabic poetry, ancient and modern, by Thurayya A.F. Malhas.
504 _aBibliography: p. 377-398.
650 0 _aArabic poetry
_xHistory and criticism.
999 _c48445
_d48445